000 01326nam a2200313Ia 4500
001 vtls003161459
003 MY-SjTCS
005 20200226112938.0
006 m u
007 cr cn|||||||||
008 100712s2006 enk s 000 0 eng d
020 _z1845449568
035 _a(CaPaEBR)ebr10132666
039 9 _a201403011116
_bshuhada
_y201007121339
_zVLOAD
040 _aCaPaEBR
_cCaPaEBR
050 1 4 _aLB2806
_b.C75 2006eb
245 0 0 _aCritical issues of partnerships between higher education and public schools
_h[electronic resource] /
_cguest editor Raymond L. Calabrese.
260 _aBradford, England :
_bEmerald Group Pub,
_cc2006.
300 _a69 p.
490 0 _aThe International Journal of Educational Management ;
_vv.20, no. 3
529 _aTSLHHL
533 _aElectronic reproduction.
_bPalo Alto, Calif. :
_cebrary,
_d2009.
_nAvailable via World Wide Web.
_nAccess may be limited to ebrary affiliated libraries.
650 0 _aEducation.
650 0 _aSchool management and organization.
655 7 _aElectronic books.
_2local
700 1 _aCalabrese, Raymond L.
710 2 _aebrary, Inc.
_925628
856 4 0 _uhttps://ezproxy.taylors.edu.my/login?url=http://site.ebrary.com/lib/taylorscollege/Doc?id=10132666
_zAn electronic book accessible through the World Wide Web; click to view
999 _c101444